000 00704cab a2200241 4500
001 ABS55751
008 090401t1996 xxu||||| |||| 00| 0 eng d
035 _a(Sirsi) u18565
041 _aeng
100 _aPritchard, M.
245 3 _aAn endeering subject?
260 _c1996
350 _a0
490 _aCountry Landowner
_vSeptember 1996, 26-28(3)
520 _aOutlines guidance produced by the `Deer Initiative` advising landowners on practising good deer management whilst allowing access to members of the public.
650 _aDEER MANAGEMENT
650 _aDEER
650 _aPUBLIC ACCESS
690 _aRURAL PRACTICE
700 _aPrior, R.
942 _n0
948 _c04/03/1997
999 _c12351
_d12351